000 01425nam2a22002411 4500
001 RU\NLR\INFOCOMM31\1000031579
005 20250617040657.0
035 _a(NLR Aleph) 002434887
090 _a2028318
_c2028318
100 _a20040317d1996 |||y0rusy50 ca
101 0 _arus
102 _aRU
105 _ay |||||||||
200 1 _aКНР
_eПроблема экономической безопасности
210 _d1996
_aБ. м.
461 0 _1001RU\NLR\INFOCOMM31\1000031576
_12001#$aИнформационные материалы$iСерия "Проблемы экономического развития и сотрудничества в Северо-Восточной Азии"$fРос. акад. наук, Ин-т Дал. Востока, Центр науч. информ. и банка данных$v1996, Вып.3
_92028290
_aИнститут Дальнего Востока (Москва)
_cМ.
_d1996-
_fРос. акад. наук, Ин-т Дал. Востока, Центр науч. информ. и банка данных
_iСерия "Проблемы экономического развития и сотрудничества в Северо-Восточной Азии"
_tИнформационные материалы
_v1996, Вып.3
801 1 _aRU
_bInfoComm
_c20040317
801 0 _aRU
_bNLR
_gPSBO
852 _aNLR
_jП22/6804
942 _cISSUE
980 _aNB
980 _aRUSPER